00825nam a2200217 a 450000500170000000800410001702000150005804000250007304100080009804400080010608200190011424501190013326000610025230000740031350000220038765000360040965000310044565000390047670000570051570000350057220200104041801.0900709s1980 maud fr 001 0 eng d a0878938001 aCO-BoIAVHcCO-BoIAVH0 aeng axxu04a333.9516bC76b00aConservation biology :ban evolutionary-ecological perspective /ceditado por Michael E. Soulé y Bruce A. Wilcox aSunderland, Mass (EE. UU.) :bSinauer Associates,c1980. axv, 395 páginas :bilustraciones, gráficas y tablas ;c21 x 30 cm aIncluye índice.26aConservación de la naturaleza26aConservación biológica26aRecursos naturalesxPreservación1 aSoulé, Michael E.q(Michael Ellman),d1936-eautor1 aWilcox, Bruce A.d1948-eautor